| 000 | 00313 a2200133 4500 | ||
|---|---|---|---|
| 001 | 92083 | ||
| 082 | _a891.4392 UME | ||
| 090 |
_c44043 _d44042 |
||
| 100 | _aUmera Ahmad | ||
| 245 | _aChand Say Pehlay | ||
| 260 |
_aLahore _bIlam o Irfan Publications _c2012 |
||
| 300 |
_a144p. _bHb |
||
| 500 | _aGeneral Book | ||
| 942 |
_aCAE NUST _k891.4392 UME |
||
| 999 |
_c327156 _d327156 |
||